| 000 | 00338nam a2200133Ia 4500 | ||
|---|---|---|---|
| 005 | 20260328101522.0 | ||
| 008 | 260328s9999||||xx |||||||||||||| ||und|| | ||
| 100 | _aMehrotra, Rahul | ||
| 245 | 0 |
_aArchitecture in India since 1990 / _cRahul Mehrotra |
|
| 260 | _bPictor | ||
| 300 | _a311 p. | ||
| 650 | _aARQUITECTURA REGIONAL | ||
| 942 | _cBK | ||
| 999 |
_c9649 _d9649 |
||